• 首页
  • 本馆介绍
  • 公告通知
  • 最新文献
  • 馆藏检索
  • 电子资源
  • 读者导购
  • 参考咨询
  • 我的图书馆
  • 登录
  • 详细信息显示
  • 放入我的书架
  • 预约/预借图书
  • 作者相关作品
  • 分类相关作品
  • 丛书相关作品
  • 出版社相关作品

书目信息

  • 表格格式
  • 工作单格式
  • 卡片格式
题名:
语文教学方法论
    
 
作者: 张鸿苓 等编
分册:  
出版信息: 北京   北京师范大学出版社  1982
页数: 385页
开本: 19cm
丛书名:
单 册:
中图分类: H193 , G633.3
科图分类:
主题词: 汉语-教学法 , 教学法-汉语
电子资源:
ISBN:
000 00697nam0 2200265 45
001 0182001457
005 20040429170509.8
010    @dCNY1.15
091    @a7243.35
100    @a19950515d1982 emky0chiy0121 ea
101 0  @achi
102    @aCN@b110000
105    @ay z 000yy
106    @ar
200 10 @a语文教学方法论@Ayu wen jiao xue fang fa lun@f张鸿苓等编
210    @a北京@c北京师范大学出版社@d1982
215    @a385页@d19cm
606    @a汉语-教学法
606    @a教学法-汉语
690    @aH193@v3
690    @aG633.3
701  0 @a张鸿苓@Azhang hong ling@4等编
801  0 @aCN@b上海图书馆@c20040429
801  2 @aCN@bNLC@c20040429
905    @f2@b104689-690@f1@b79103@dG633.3@e34
    
    语文教学方法论/张鸿苓等编.-北京:北京师范大学出版社,1982
    385页;19cm
    
    
    ISBN :CNY1.15
    
●
相关链接 在E读中查询图书 在五车中查询图书 在当当中查询图书 在豆瓣中查询图书


正题名:语文教学方法论     索取号:G633.3/34         预约/预借

序号 登录号 条形码 馆藏地/架位号 状态 备注
1 0079103   000475989   密集书库/ [索取号:G633.3/34] 在馆    
2 0079104   000475943   第一样本阅览室/ [索取号:G633.3/34] 在馆    
3 0104689   000476069   密集书库/ [索取号:G633.3/34] 在馆    
4 0104690   000476023   密集书库/ [索取号:G633.3/34] 在馆    
唐山师范学院图书馆 欢迎您!
大连网信软件有限公司© 版权所有